000 00448nam a2200169 i 4500
001 69742
003 ES-MaACL
005 20230906170612.0
007 t|
008 040709s1964 sp ||||1| spa d
100 1 _aGarcía Gómez, Jorge.
_9180620
245 1 0 _aCiudades
_b: poemas /
_cJorge García Gómez.
260 _aMadrid :
_bPlenitud,
_c1964.
300 _a90 p. ;
_c22 cm.
852 _aES-MaACL
_jC-26685
_bR.55048
999 _c69742
_d69742